Fr. Conceicao Rodrigues College of Engineering

Engineering Chemistry II (Record no. 36037)

MARC details
000 -LEADER
fixed length control field 00331nam a22001337a 4500
003 - CONTROL NUMBER IDENTIFIER
control field OSt
005 - DATE AND TIME OF LATEST TRANSACTION
control field 20240129160458.0
008 - FIXED-LENGTH DATA ELEMENTS--GENERAL INFORMATION
fixed length control field 240129b |||||||| |||| 00| 0 eng d
040 ## - CATALOGING SOURCE
Transcribing agency
082 ## - DEWEY DECIMAL CLASSIFICATION NUMBER
Classification number 540/PAR
245 ## - TITLE STATEMENT
Title Engineering Chemistry II
Statement of responsibility, etc. Paradkar,Trupti S
260 ## - PUBLICATION, DISTRIBUTION, ETC.
Name of publisher, distributor, etc. Nirali Prakashan
Date of publication, distribution, etc. 2023
942 ## - ADDED ENTRY ELEMENTS (KOHA)
Source of classification or shelving scheme Dewey Decimal Classification
Koha item type BOOK
Call number prefix 540
Call number suffix PAR
Suppress in OPAC No

No items available.